| 000 | 00912cam a2200265 4500 | ||
|---|---|---|---|
| 008 | 090401t1996 xxu||||| |||| 00| 0 eng d | ||
| 020 | _a047111992X | ||
| 035 | _a(Sirsi) u67984 | ||
| 041 | _aeng | ||
| 050 | _a711.7 | ||
| 100 | _aLevy, Sidney M | ||
| 245 | _aBuild, operate, transfer : paving the way for tomorrow`s infrastructure. | ||
| 260 |
_aNew York _bJohn Wiley and Sons _c1996 |
||
| 300 | _aix,411p. : ill. ; 24cm. | ||
| 350 | _a35 | ||
| 520 | _aAmerican textbook exploring the Build, Operate, Transfer approach. Uses case studies to illustrate the various aspects involved in this process, highlighting the factors which determine sucessful outcome. | ||
| 650 | _aBOT PROJECTS | ||
| 650 | _aBUILD OPERATE TRANSFER | ||
| 650 | _aCHANNEL TUNNEL | ||
| 650 | _aPRIVATE FINANCE | ||
| 650 | _aPRIVATISED INFRASTRUCTURE | ||
| 690 | _aBUILT ENVIRONMENT | ||
| 942 | _n0 | ||
| 948 | _c04/03/1997 | ||
| 999 |
_c95058 _d95058 |
||